MDQL
is popping MORE tags! Check the
thread
!
Quizzes
Events
Quiz Creation
Community
Videos
Private Events
Remove Ads
Sign In
Join for FREE
Feedback
Dark Mode
Quiz Categories
Sports
Geography
Music
Movies
Television
Just For Fun
Miscellaneous
History
Literature
Language
Science
Gaming
Entertainment
Religion
Holiday
For Kids
Quiz Lab
Recent
Popular Today
Quiz Kudos Today
Editor Picks
Curator Picks
Quizzes by...
Day
Popularity
Type
Ratings
Length
Year
Community
Subscriptions
Recent Discussions
Orange Saloon
Badges
Playlists
Quests
Create
Leaderboards
Showdown
Live 5
Trivia Bingo
Activity
Puzzle Library
Sporcle Events
Private Events
Virtual Trivia
Globe League
Become a Host
Pub Owners
SporcleCon
Opinionation
Our Games
Videos
Blog
Mobile Apps
Partnerships
Remove Ads and Go Orange
Feedback
Sports
Athletes
MLB
NBA
NHL
NFL
Soccer
Sports Teams
WWE
NCAA
Football
Premier League
Basketball
Baseball
Hockey
Golf
Tennis
Cricket
Rugby
Auto Racing
Olympics
World Cup
Sports
Athletes
MLB
NBA
NHL
NFL
Soccer
Sports Teams
WWE
NCAA
Football
Premier League
Basketball
Baseball
Hockey
Golf
Tennis
Cricket
Rugby
Auto Racing
Olympics
World Cup
Random Quiz
Search Sporcle
×
Quiz Lab
Quiz Lab
Sports
NFL
Type in answers that appear in a list
Type in answers that appear in a list
Classic
Best Score? Go Orange.
NFL Top 4 Since 1971 Stats
Can you name the NFL semi finalists since 1971?
By
Zock25
8m
208 Questions
432 Plays
432 Plays
432 Plays
Comments
Comments
Give Quiz Kudos
Give Quiz Kudos
-
- Ratings
hide this ad
Replay
Link that replays current quiz
Next Quiz
Link to next quiz in quiz playlist
You Got
0%
They Got
Avg Score
86%
Avg Friend Score
Upgrade to see
Score Distribution
Jump to the score distribution portion of the page
Score
0/208
Timer
08:00
0
Plays Today
Year
Team
% Correct
2022
Los Angeles Rams
100%
2021
Green Bay Packers
100%
2020
Green Bay Packers
100%
2023
Kansas City Chiefs
100%
2023
Philadelphia Eagles
100%
2019
NE Patriots
99.3%
1986
NE Patriots
99.1%
1997
NE Patriots
99.1%
2002
NE Patriots
99.1%
2004
NE Patriots
99.1%
2005
NE Patriots
99.1%
2007
NE Patriots
99.1%
2008
NE Patriots
99.1%
2012
NE Patriots
99.1%
2013
NE Patriots
99.1%
2014
NE Patriots
99.1%
2015
NE Patriots
99.1%
2016
NE Patriots
99.1%
2017
NE Patriots
99%
2018
NE Patriots
98.6%
2021
Kansas City Chiefs
98.3%
2022
Kansas City Chiefs
98.3%
1972
Dallas Cowboys
97.4%
1973
Dallas Cowboys
97.4%
1974
Dallas Cowboys
97.4%
1976
Dallas Cowboys
97.4%
1978
Dallas Cowboys
97.4%
1979
Dallas Cowboys
97.4%
1981
Dallas Cowboys
97.4%
1982
Dallas Cowboys
97.4%
1983
Dallas Cowboys
97.4%
1987
New York Giants
97.4%
1991
New York Giants
97.4%
1994
Dallas Cowboys
97.4%
1993
Dallas Cowboys
97.4%
1995
Dallas Cowboys
97.4%
1996
Dallas Cowboys
97.4%
2001
New York Giants
97.4%
2008
New York Giants
97.4%
2012
New York Giants
97.4%
2022
San Francisco 49ers
97.2%
2019
Los Angeles Rams
97.2%
2019
Kansas City Chiefs
97.2%
1978
Denver Broncos
97%
1981
Philadelphia Eagles
97%
1987
Denver Broncos
97%
1988
Denver Broncos
97%
1990
Denver Broncos
97%
1992
Denver Broncos
97%
1998
Denver Broncos
97%
1998
Denver Broncos
97%
2003
Philadelphia Eagles
97%
2002
Philadelphia Eagles
97%
2004
Philadelphia Eagles
97%
2005
Philadelphia Eagles
97%
2006
Denver Broncos
97%
2009
Philadelphia Eagles
97%
2016
Denver Broncos
97%
2014
Denver Broncos
97%
2020
Kansas City Chiefs
96.9%
1972
San Francisco 49ers
96.5%
1982
San Francisco 49ers
96.5%
1984
San Francisco 49ers
96.5%
1985
San Francisco 49ers
96.5%
1989
San Francisco 49ers
96.5%
1990
San Francisco 49ers
96.5%
1991
San Francisco 49ers
96.5%
1993
San Francisco 49ers
96.5%
1995
San Francisco 49ers
96.5%
1994
San Francisco 49ers
96.5%
Year
Team
% Correct
1998
San Francisco 49ers
96.5%
2012
San Francisco 49ers
96.5%
2013
San Francisco 49ers
96.5%
2014
San Francisco 49ers
96.5%
1976
Pittsburgh Steelers
96.3%
1973
Pittsburgh Steelers
96.3%
1975
Pittsburgh Steelers
96.3%
1977
Pittsburgh Steelers
96.3%
1979
Pittsburgh Steelers
96.3%
1980
Pittsburgh Steelers
96.3%
1984
Los Angeles Raiders
96.3%
1985
Pittsburgh Steelers
96.3%
1991
Los Angeles Raiders
96.3%
1995
Pittsburgh Steelers
96.3%
1996
Pittsburgh Steelers
96.3%
1996
Green Bay Packers
96.3%
1997
Green Bay Packers
96.3%
1998
Green Bay Packers
96.3%
1998
Pittsburgh Steelers
96.3%
2002
Pittsburgh Steelers
96.3%
2005
Pittsburgh Steelers
96.3%
2006
Pittsburgh Steelers
96.3%
2009
Pittsburgh Steelers
96.3%
2008
Green Bay Packers
96.3%
2011
Green Bay Packers
96.3%
2011
Pittsburgh Steelers
96.3%
2023
San Francisco 49ers
96.3%
2015
Green Bay Packers
96.3%
1975
Oakland Raiders
96%
1974
Oakland Raiders
96%
1975
Los Angeles Rams
96%
1976
Los Angeles Rams
96%
1976
Oakland Raiders
96%
1977
Oakland Raiders
96%
1977
Los Angeles Rams
96%
1978
Oakland Raiders
96%
1979
Los Angeles Rams
96%
1980
Los Angeles Rams
96%
1981
Oakland Raiders
96%
1986
Los Angeles Rams
96%
1990
Los Angeles Rams
96%
2001
Oakland Raiders
96%
2003
Oakland Raiders
96%
1972
Miami Dolphins
95.8%
1973
Miami Dolphins
95.8%
1974
Miami Dolphins
95.8%
1983
Miami Dolphins
95.8%
1985
Miami Dolphins
95.8%
1986
Miami Dolphins
95.8%
1993
Miami Dolphins
95.8%
2000
St Louis Rams
95.8%
2002
St Louis Rams
95.8%
2018
Philadelphia Eagles
95.3%
1985
Chicago Bears
95.1%
1986
Chicago Bears
95.1%
1989
Chicago Bears
95.1%
1996
Indianapolis Colts
95.1%
2007
Indianapolis Colts
95.1%
2004
Indianapolis Colts
95.1%
2007
Chicago Bears
95.1%
2010
Indianapolis Colts
95.1%
2011
Chicago Bears
95.1%
2015
Indianapolis Colts
95.1%
1972
Baltimore Colts
94.9%
1974
Minnesota Vikings
94.9%
1975
Minnesota Vikings
94.9%
1977
Minnesota Vikings
94.9%
1978
Minnesota Vikings
94.9%
1984
Seattle Seahawks
94.9%
1988
Minnesota Vikings
94.9%
Year
Team
% Correct
2001
Minnesota Vikings
94.9%
1999
Minnesota Vikings
94.9%
1999
Atlanta Falcons
94.9%
2005
Atlanta Falcons
94.9%
2006
Seattle Seahawks
94.9%
2010
Minnesota Vikings
94.9%
2013
Atlanta Falcons
94.9%
2014
Seattle Seahawks
94.9%
2015
Seattle Seahawks
94.9%
2021
Buffalo Bills
94.8%
2020
San Francisco 49ers
94.7%
1973
Washington Redskins
94.6%
1983
Washington Redskins
94.6%
1984
Washington Redskins
94.6%
1988
Washington Redskins
94.6%
1987
Washington Redskins
94.6%
1992
Washington Redskins
94.6%
2017
Pittsburgh Steelers
94.6%
1983
New York Jets
94.4%
1994
Kansas City Chiefs
94.4%
1999
New York Jets
94.4%
2010
New York Jets
94.4%
2011
New York Jets
94.4%
2017
Green Bay Packers
94.4%
2001
Baltimore Ravens
93.9%
2009
Baltimore Ravens
93.9%
2013
Baltimore Ravens
93.9%
2012
Baltimore Ravens
93.9%
1989
Buffalo Bills
93.7%
1991
Buffalo Bills
93.7%
1992
Buffalo Bills
93.7%
1993
Buffalo Bills
93.7%
1994
Buffalo Bills
93.7%
2000
Tennessee Titans
93.5%
2003
Tennessee Titans
93.5%
1987
Cleveland Browns
93.2%
1988
Cleveland Browns
93.2%
1990
Cleveland Browns
93.2%
2007
New Orleans Saints
93.2%
2010
New Orleans Saints
93.2%
2017
Atlanta Falcons
93.2%
2021
Tampa Buccaneers
93.1%
2022
Cincinnati Bengals
93.1%
1980
Tampa Buccaneers
92.8%
2000
Tampa Buccaneers
92.8%
2003
Tampa Buccaneers
92.8%
1981
San Diego Chargers
92.5%
1982
San Diego Chargers
92.5%
1995
San Diego Chargers
92.5%
2008
San Diego Chargers
92.5%
2018
Minnesota Vikings
92.3%
1982
Cincinnati Bengals
91.8%
1989
Cincinnati Bengals
91.8%
2009
Arizona Cardinals
91.8%
2023
Cincinnati Bengals
91.7%
2019
New Orleans Saints
91.6%
2020
Tennessee Titans
90.8%
1992
Detroit Lions
90.7%
1997
Carolina Panthers
90.4%
2004
Carolina Panthers
90.4%
2006
Carolina Panthers
90.4%
2016
Carolina Panthers
90.4%
1997
Jacksonville Jaguars
90%
2000
Jacksonville Jaguars
90%
2016
Arizona Cardinals
88.1%
2018
Jacksonville Jaguars
86.9%
1979
Houston Oilers
78.6%
1980
Houston Oilers
78.6%
Quiz Playlist
Details
Report
Send in Message
Add To Playlist
Classic:
Type in answers that appear in a list
Last Updated: Feb 16, 2017
Quiz Scoreboard
CHALLENGE
Sign Up to Join the Scoreboard
Show All
Scores
Hide
Comments
May contain spoilers
Recently Published
1-10 Letter E Words III
by El_Dandy
Language
2m
Street Fighter Characters
by Artimus82
Gaming
60s
College Basketball Coaching Resumes
by pancakes188
Sports
9m
More to Explore
Quiz From the Vault
Featured Blog Post
Where Did the Easter Bunny Come From?
hide this ad
You Might Also Like...
Tags
NFL Quiz
American Football
Denver Broncos
Las Vegas Raiders
New England Patriots
New York Giants
Pittsburgh Steelers
San Francisco 49ers
Semi Final
team
TOP 4
Today's Top Quizzes in Sports
Browse Sports
hide this ad
Today's Top Quizzes in NFL
Browse NFL
Top Contributed Quizzes in Sports
1
2022 World Cup Stars
2
Les meilleurs buteurs des matchs entre le PSG et l’OM
3
FIFA Club World Cup Champions
4
Les entraîneurs de l'OM et du PSG au 21e siècle
5
Criteria MLB: Left Handed Sluggers
6
2023 MLB Unique Player Accomplishments
7
AFC Teams Reveal (Wrong Answers Minefield)
8
Players with Multiple 50 Home Run Seasons
9
NBA Logic Puzzle 2.0
10
5-to-1: FBS Animal Nicknames
Explore More
Trending Topics
Crossword
Kpop
Marvel
Disney
Harry Potter
NBA
Anime
WWE
Soccer
NFL
Song
Country
Pokémon
Puzzle
The Office
hide this ad
More By:
Zock25
Quiz
Plays
Rating
Category
Featured
Created
Campeonato Brasileiro Top 4 Since 1971
8,410
4.10
Sports
Apr 6, 2016
Italia Serie A Top 4 Since 1971
2,352
4.88
Sports
Nov 1, 2016
English Premier League + EFL Top 4 Since 1971
1,548
4.55
Sports
Nov 4, 2016
NBA Top 4 Since 1971
779
4.00
Sports
Dec 27, 2016
France Ligue 1 Top 4 Since 1971
721
5.00
Sports
Aug 12, 2018
Go to Creator's Profile
Score Distribution
Quiz Creator Spotlight
Zock25
Follow
Send a Message
Quizzes Created
-
Created Quiz Play Count
-
More By This Creator
Popular Quizzes Today
1
Find the US States - No Outlines Minefield
2
Find the Countries of Europe - No Outlines Minefield
3
Find the US States
4
The Countries of the World
5
Risky Map Clicking: Biggest States A-Z
6
US States
7
Popular People in 1961
8
Movies - When Are They Set?
More Sports Quizzes
ICC Best-Ever Test BATTING Rating
Editor's Pick
Trending Quizzes
Risky Map Clicking: Least Populous States A-Z
1-10 Letter G Words
1-10 Letter F Words
Countries of the World: 200 Million BC
Risky Map Clicking: Next State Alphabetically
Recently Updated
Rides in Walt Disney World
pecheneg
Most Oscar Losses (Acting)
pecheneg
Beyoncé Albums
pecheneg
Leaping Animals
pecheneg
Reality TV Shows (A-Z)
bhenderson79
Rickey Henderson's Hall of Fame Teammates
pecheneg
Champions League XIs: Arsenal
pecheneg
Quick Pick: Celebrities in WWE's Hall of Fame
aduchscher
A-Z Keypad Blitz II
pecheneg
Trending Topics
NBA
Kpop
Harry Potter
Disney
Crossword
Anime
Marvel
WWE
Pokémon
Soccer
NFL
The Office
Puzzle
Country
Song
Your Account Isn't Verified!
In order to create a playlist on Sporcle, you need to verify the email address you used during registration. Go to your
Sporcle Settings
to finish the process.
Report this User
Report this user for behavior that violates our
Community Guidelines
.
Details:
Send Report
Go to the Sporcle.com Mobile Site →
Comments